Ends in 'DA' Quiz Stats

Quiz Updated Nov 16, 2016

Also try: Ends in 'DO'
Challenge
Share
Tweet
Embed
Score 0/39 Timer 10:00
0 Plays Today
Hint Answer % Correct
Animal Kingdomgiant panda
91%
Animal Kingdomanaconda
88.8%
GeographyCanada
86.5%
Food & Drinksoda
74.8%
Grab Bagnada
73.4%
Grab BagHonda or Mazda
72.7%
Famous People or CharactersYoda
71%
GeographyFlorida
58.7%
GeographyNevada
57%
Hodge Podgearmada
57%
Food & DrinkGouda
54.1%
Animal Kingdombarracuda
53.6%
Grab Bagpropaganda
51.9%
Grab BagThe Legend of Zelda
51.2%
Hodge Podgelambda
49%
Food & Drinkenchilada
45.7%
GeographyUganda
44.9%
Animal Kingdomcicada
43.7%
Grab BagAl-Qaeda
43.5%
Grab Bagagenda
40.6%
Hint Answer % Correct
Grab BagRamada
39.5%
Hodge PodgeAndromeda
38.1%
Hodge Podgeveranda
38%
Famous People or CharactersAlan Alda
37.5%
Famous People or CharactersEsméralda
37.1%
Hodge PodgeMatilda
36.4%
GeographyRwanda
36.3%
GeographyGrenada
35.7%
Hodge Podgepagoda
32.5%
Famous People or CharactersErik Estrada
31.9%
Food & DrinkPiña colada
30%
Grab Baglambada
23.2%
GeographyBermuda
22.5%
Famous People or CharactersCarmen Miranda
20%
Hodge PodgeAida
19%
Hodge Podgerotunda
18%
Famous People or CharactersAbe Vigoda
15.9%
GeographyAntigua and Barbuda
14%
Famous People or CharactersPablo Neruda
11.9%

You're not logged in!

Compare scores with friends on all Sporcle quizzes.
Join for Free
OR
Log In

You Might Also Like...

Show Comments

Extras

Top Quizzes Today


Score Distribution

Your Account Isn't Verified!

In order to create a playlist on Sporcle, you need to verify the email address you used during registration. Go to your Sporcle Settings to finish the process.

Report this User

Report this user for behavior that violates our Community Guidelines.

Details: